000 00563nam a2200193Ia 4500
008 240729s9999 xx 000 0 und d
022 _a2972-3787
245 0 _aGreen and Low-Carbon Economy
260 _aSingapore
260 _bBon View Publishing Pte Ltd.
650 _a Mechanical engineering and machinery
650 _a Meteorology. Climatology
650 _a Physics
650 _a Renewable energy sources | Science
650 _aTechnology
856 _uhttps://doaj.org/toc/4737aba563fe4c849bd0618532bcc5db
942 _2ddc
942 _cDOAJEJ
999 _c66901
_d66901
945 _a1
_bMadushi Gamage
_c1
_dMadushi Gamage